Rangers FC Kits - Statistics

General Stats
  • This quiz has been taken 59 times
  • The average score is 18 of 31
Answer Stats
Hint Answer % Correct
1997-1999 Nike
78%
1999-2002 Nike
78%
1978-1984 Umbro
78%
1984-1987 Umbro
78%
1987-1990 Umbro
78%
2005-2010 Umbro
78%
2010-2013 Umbro
78%
1992-1997 Adidas
74%
2020-2023 Castore
67%
2023- Castore
67%
2014-2018 32 Red
63%
2018-2020 32 Red
63%
2020-2023 32 Red
63%
1987-1990 McEwan's Lager
63%
1990-1992 McEwan's Lager
63%
1992-1997 McEwan's Lager
63%
1997-1999 McEwan's Lager
63%
2013-2014 Puma
59%
2014-2018 Puma
59%
2023- Unibet
59%
2018-2020 Hummel
52%
1999-2002 Ntl:
52%
2010-2013 Tennent's
46%
2003-2005 Carling
43%
2005-2010 Carling
43%
1984-1987 CR Smith
41%
2002-2003 Diadora
39%
2003-2005 Diadora
39%
2013-2014 Blackthorn
26%
1990-1992 Admiral
24%
2002-2003 Ntl: Home Digital TV
2%
No matching quizzes found
Score Distribution
Percent of People with Each Score
Percentile by Number Answered
Your Score History
You have not taken this quiz